[Event "Lanta op 1st"]
[Site "Koh Lanta Island"]
[Date "2012.03.26"]
[Round "5"]
[White "Thanatipanonda, Thotsapor"]
[Black "Lim, Kian Hwa"]
[Result "1-0"]
[WhiteElo "2101"]
[BlackElo "1891"]
[PlyCount "77"]
[EventDate "2012.03.22"]
[EventType "swiss"]
[EventRounds "9"]
[EventCountry "THA"]
[SourceTitle "EXT 2013"]
[Source "ChessBase"]
[SourceDate "2012.11.22"]
[SourceVersion "1"]
[SourceVersionDate "2012.11.22"]
[SourceQuality "1"]

1. e4 e5 2. Nf3 Nc6 3. d4 exd4 4. Bc4 Be7 5. c3 d6 6. cxd4 Nf6 7. Nc3 0-0 8. Bb3 Bg4 9. Be3 a6 10. 0-0 Na5 11. Bc2 Nc4 12. Bc1 b5 13. b3 Nb6 14. Qd3 g6 15. h3 Bc8 16. d5 Re8 17. Nd4 Bd7 18. Bb2 Bf8 19. f3 Bg7 20. Nce2 Qc8 21. Kh2 Nh5 22. Rac1 Re7 23. Bb1 Bh6 24. f4 Re8 25. Qc3 Ra7 26. g4 Bg7 27. gxh5 Nxd5 28. Qf3 Ne7 29. hxg6 hxg6 30. f5 Be5+ 31. Kh1 g5 32. h4 d5 33. Rg1 Qa8 34. Rxg5+ Kf8 35. Qh5 Ng8 36. Rxg8+ Kxg8 37. Qh6 Bxd4 38. Bxd4 Bxf5 39. Qg7# 1-0

[Event "Lanta op 1st"]
[Site "Koh Lanta Island"]
[Date "2012.03.25"]
[Round "4"]
[White "Lasek, Frantisek"]
[Black "Thanatipanonda, Thotsapor"]
[Result "0-1"]
[WhiteElo "1804"]
[BlackElo "2101"]
[PlyCount "126"]
[EventDate "2012.03.22"]
[EventType "swiss"]
[EventRounds "9"]
[EventCountry "THA"]
[SourceTitle "EXT 2013"]
[Source "ChessBase"]
[SourceDate "2012.11.22"]
[SourceVersion "1"]
[SourceVersionDate "2012.11.22"]
[SourceQuality "1"]

1. f4 d5 2. Nf3 Nf6 3. e3 Bg4 4. d4 Nbd7 5. h3 Bxf3 6. Qxf3 e6 7. Bd3 Bd6 8. c4 c6 9. Nc3 0-0 10. Bd2 Rc8 11. c5 Bc7 12. 0-0 Ne8 13. b4 b6 14. a4 bxc5 15. bxc5 f5 16. Rab1 Rb8 17. Rxb8 Bxb8 18. Rb1 Ndf6 19. Rb7 Rf7 20. Rb1 Qc8 21. Qd1 Ne4 22. Nxe4 fxe4 23. Be2 Rb7 24. Bg4 Rxb1 25. Qxb1 Bc7 26. a5 Kf7 27. Be2 Qb8 28. Qxb8 Bxb8 29. a6 Bc7 30. g4 h6 31. h4 Nf6 32. Kg2 g5 33. hxg5 hxg5 34. fxg5 Ng8 35. Kh3 Kg6 36. Be1 Kxg5 37. Bh4+ Kg6 38. Bd1 Ba5 39. Bf2 Ne7 40. Bh4 Kf7 41. Ba4 Bd2 42. Bf2 e5 43. Bd1 Ng6 44. dxe5 Nxe5 45. Bg3 Ke6 46. Kg2 Bxe3 47. Bxe5 Kxe5 48. Kf1 Bxc5 49. Ba4 Kd6 50. g5 Be3 51. g6 Bh6 52. Ke2 c5 53. Bb5 Ke5 54. Kd1 Kd4 55. Ke2 c4 56. Bd7 Kc5 57. Bf5 Kb5 58. Bd7+ Kc5 59. Bf5 e3 60. Kd1 d4 61. Ke2 Kb4 62. Be6 d3+ 63. Ke1 c3 0-1